<?xml version="1.0" encoding="UTF-8"?>
<record
    xmlns:xsi="http://www.w3.org/2001/XMLSchema-instance"
    xsi:schemaLocation="http://www.loc.gov/MARC21/slim http://www.loc.gov/standards/marcxml/schema/MARC21slim.xsd"
    xmlns="http://www.loc.gov/MARC21/slim">

  <leader>00605nam a2200169Ia 4500</leader>
  <controlfield tag="008">190719s9999||||xx |||||||||||||| ||und||</controlfield>
  <datafield tag="020" ind1=" " ind2=" ">
    <subfield code="a">9789280116519</subfield>
    <subfield code="c">&#xA3; 15.00</subfield>
  </datafield>
  <datafield tag="040" ind1=" " ind2=" ">
    <subfield code="a">IMU Kochi</subfield>
  </datafield>
  <datafield tag="082" ind1="0" ind2="4">
    <subfield code="a">628.16833</subfield>
    <subfield code="b">In858</subfield>
  </datafield>
  <datafield tag="110" ind1=" " ind2=" ">
    <subfield code="a">International Maritime Organization</subfield>
  </datafield>
  <datafield tag="245" ind1=" " ind2="0">
    <subfield code="a">Guidelines on International offers of Assistance in response to a Marine Oil Pollution incident / </subfield>
    <subfield code="c">International Maritime Organization</subfield>
  </datafield>
  <datafield tag="250" ind1=" " ind2=" ">
    <subfield code="a">2016 ed.</subfield>
  </datafield>
  <datafield tag="260" ind1=" " ind2=" ">
    <subfield code="a">London : </subfield>
    <subfield code="b">International Maritime Organization , </subfield>
    <subfield code="c">2016</subfield>
  </datafield>
  <datafield tag="300" ind1=" " ind2=" ">
    <subfield code="a">viii, 70 p.</subfield>
    <subfield code="c">; 30 cm.</subfield>
  </datafield>
  <datafield tag="650" ind1=" " ind2=" ">
    <subfield code="a">Oil pollution of the sea</subfield>
  </datafield>
  <datafield tag="942" ind1=" " ind2=" ">
    <subfield code="2">ddc</subfield>
    <subfield code="c">BK</subfield>
  </datafield>
  <datafield tag="999" ind1=" " ind2=" ">
    <subfield code="c">77</subfield>
    <subfield code="d">77</subfield>
  </datafield>
  <datafield tag="952" ind1=" " ind2=" ">
    <subfield code="0">0</subfield>
    <subfield code="1">0</subfield>
    <subfield code="4">0</subfield>
    <subfield code="7">0</subfield>
    <subfield code="8">IMOC</subfield>
    <subfield code="a">KO</subfield>
    <subfield code="b">KO</subfield>
    <subfield code="c">REF</subfield>
    <subfield code="d">2018-06-29</subfield>
    <subfield code="e">Sterling Book House</subfield>
    <subfield code="g">1348.94</subfield>
    <subfield code="o">628.16833 In858</subfield>
    <subfield code="p">BK005305</subfield>
    <subfield code="r">2019-07-19</subfield>
    <subfield code="w">2019-07-19</subfield>
    <subfield code="y">BK</subfield>
    <subfield code="z">Shelf-3, Row-4</subfield>
  </datafield>
  <datafield tag="952" ind1=" " ind2=" ">
    <subfield code="0">0</subfield>
    <subfield code="1">0</subfield>
    <subfield code="4">0</subfield>
    <subfield code="7">0</subfield>
    <subfield code="8">IMOC</subfield>
    <subfield code="a">KO</subfield>
    <subfield code="b">KO</subfield>
    <subfield code="c">REF</subfield>
    <subfield code="d">2018-06-29</subfield>
    <subfield code="e">Sterling Book House</subfield>
    <subfield code="g">1348.94</subfield>
    <subfield code="o">628.16833 In858</subfield>
    <subfield code="p">BK005306</subfield>
    <subfield code="r">2019-07-19</subfield>
    <subfield code="w">2019-07-19</subfield>
    <subfield code="y">BK</subfield>
    <subfield code="z">Shelf-3, Row-4</subfield>
  </datafield>
  <datafield tag="952" ind1=" " ind2=" ">
    <subfield code="0">0</subfield>
    <subfield code="1">0</subfield>
    <subfield code="4">0</subfield>
    <subfield code="7">0</subfield>
    <subfield code="8">IMOC</subfield>
    <subfield code="a">KO</subfield>
    <subfield code="b">KO</subfield>
    <subfield code="c">REF</subfield>
    <subfield code="d">2018-06-29</subfield>
    <subfield code="e">Sterling Book House</subfield>
    <subfield code="g">1348.94</subfield>
    <subfield code="o">628.16833 In858</subfield>
    <subfield code="p">BK005307</subfield>
    <subfield code="r">2019-07-19</subfield>
    <subfield code="w">2019-07-19</subfield>
    <subfield code="y">BK</subfield>
    <subfield code="z">Shelf-3, Row-4</subfield>
  </datafield>
</record>
